000 00357nam a2200157Ia 4500
100 _aDavidson/Jaffrey P
650 _aGeneral
942 _cBK
654 _abusiness world
245 _aHow to get noticed and get ahead in the Business World
260 _bJaico Pub
_c1998
082 _a658.4
_bDAV
300 _a250
546 _aENGLISH
999 _c19644
_d19644